000 00824nam a22002297a 4500
005 20140312091105.0
008 140312b1980 xxu|||||r|||| 00| 0 spa d
020 _a0933564082
041 _aeng
044 _axxu
082 _a639.9
_bW67w
245 1 0 _aWildlife management techniques manual /
_cedited by Sanford D. Schemnitz ; illustrated by Larry Toschik.
250 _a4th ed.
_brevisada
260 _aWashington, D.C
_bWildlife Society
_c1980
300 _aviii, 686 p.
_bil.
_c27 cm.
504 _aIncluye referencias bibliográficas (p. 577-661) e índice
590 _aFirma de René Lozada en la primera página
650 0 _aWildlife management
_xTechnique
_920506
700 1 _aSchemnitz, Sanford D
_920504
710 2 _aWildlife Society.
_bWildlife Techniques Manual Committee
_920507
942 _2ddc
_cImpreso
999 _c8276
_d8276